000 00767cab a2200241 4500
001 ABS57370
008 090401t1997 xxu||||| |||| 00| 0 eng d
035 _a(Sirsi) u79473
041 _aeng
100 _aFurst, D.
245 _aLimited liability partnerships
260 _c1997
350 _a0
490 _aProfessional Practice Management
_v15(6) June 1997, 84-86(3)
520 _aReviews the proposals for changes to limited liability partnerships now that the period for responding to the consultation paper is over.
650 _aCONSULTATION PAPER
650 _aDTI
650 _aLIMITED LIABILITY PARTNERSHIPS
650 _aPARTNERSHIPS
690 _aMANAGEMENT-BUSINESS MANAGEMENT-PROFESSIONAL PRACTICE
942 _n0
948 _c04/07/1997
999 _c49965
_d49965